000 00776cam a2200241 4500
001 J1457
008 090401t1993 xxu||||| |||| 00| 0 eng d
035 _a(Sirsi) u43533
041 _aeng
050 _a658.99
100 _aHarrison, R.S.
245 4 _aThe transfer of information between estimating and other functions in a contractors organisation - or the case for going round in circles.
260 _aAscot, Berks.
_bChartered Institute of Building
_c1993
300 _a8p. ; 30cm.
350 _a0
490 _aConstruction Papers
_v19
650 _aBUILDING INDUSTRY
650 _aINFORMATION FLOW
690 _aMANAGEMENT-BUSINESS MANAGEMENT-PROFESSIONAL PRACTICE
710 _aChartered Institute of Building
_92134
942 _n0
948 _c04/03/1997
999 _c91351
_d91351